| 000 | 01039nam0a22002531 4500 | ||
|---|---|---|---|
| 001 | rc\877456 | ||
| 005 | 20260407105748.0 | ||
| 035 | _a(NLR Aleph) 006055361 | ||
| 090 |
_a4850865 _c4850865 |
||
| 100 | _a20041129d1984 |||y0rusy50 ca | ||
| 101 | 0 | _arus | |
| 102 | _aRU | ||
| 105 | _aa ||||||||| | ||
| 200 | 1 |
_aЭкономические и правовые основы функционирования вычислительных центров _e(Сб. науч. тр.) _fАН УССР, Ин-т экономики пром-сти _g[Редкол.: Л.Ш. Гафт (пред.) и др.] |
|
| 210 |
_aДонецк _cИЭП _d1984 |
||
| 215 |
_a168 с., 1 л. табл. _d20 |
||
| 320 | _aБиблиогр. в конце ст. | ||
| 702 | 1 |
_aГафт _bЛ.Ш. _gЛеонид Шевелевич _4340 |
|
| 712 | 0 | 2 |
_aИнститут экономики промышленности _cДонецк _3RU\NLR\AUTH\889937507 _9369841 |
| 801 | 0 |
_aRU _bNLR _gpsbo |
|
| 801 | 1 |
_aRU _bELAR _2rusmarc |
|
| 852 |
_aNLR _j85-3/3265 |
||
| 942 | _cBOOK | ||
| 980 | _aNB | ||